000 00554cam a2200193 4500500
005 20260329001629.0
041 _afre
042 _adc
100 1 0 _aVieira, Suzi
_eauthor
245 0 0 _aMaurice Merleau-Ponty
260 _c2008.
500 _a42
690 _aMarxisme
690 _aPerception
690 _aPhénoménologie
690 _aSartre
786 0 _nPhilosophie magazine | 19 | 5 | 2008-05-01 | p. 29-29 | 1951-1787
856 4 1 _uhttps://shs.cairn.info/magazine-philosophie-magazine-2008-5-page-29?lang=fr&redirect-ssocas=7080
999 _c1807116
_d1807116